000 00787nam a22002537a 4500
003 0
005 20180806114453.0
008 0
010 _aA-828952
020 _c200.00
_a8172018886
035 _aA-828952, A-828953
037 _bCen Lib/Ret
040 _aDPL
_bEN
_c0
082 _a181.499
_bAUR
100 _aAurobindo,Sri
_912069
245 _aThe hour of god :
_cby Sri Aurobindo; compiled by Manoj Das
_bselections from his writings /
260 _aNew Delhi
_bSahitya akademi
_c1995
270 _bNew Delhi
_aRabindra bahvan, 35 Ferozshah road
_e110001
300 _ax,334p.
_c23cm(Hb)
650 _aPhilosophy
_934591
650 _aPhilosophy
_xSocial and political aspects
_934592
700 _aDas, Manoj
_934549
942 _2ddc
_cEN
_h181.499
_mAUR
999 _c132399
_d132399